<?xml version="1.0" encoding="UTF-8"?>
<collection xmlns="http://www.loc.gov/MARC21/slim">
    <record>
        <controlfield tag="001">57237</controlfield>
        <controlfield tag="005">20161116105729.0</controlfield>
        <datafield tag="037" ind1=" " ind2=" ">
            <subfield code="a">TAZ-TFG-2016-1604</subfield>
        </datafield>
        <datafield tag="041" ind1=" " ind2=" ">
            <subfield code="a">spa</subfield>
        </datafield>
        <datafield tag="100" ind1="1" ind2=" ">
            <subfield code="a">Liethof Sánchez, Andrea</subfield>
        </datafield>
        <datafield tag="242" ind1="0" ind2="0">
            <subfield code="a">Probiotics, therapeutic use in chronic diarrhea in dog</subfield>
        </datafield>
        <datafield tag="245" ind1="0" ind2="0">
            <subfield code="a">Probióticos, uso terapéutico en la diarrea crónica en perro</subfield>
        </datafield>
        <datafield tag="260" ind1=" " ind2=" ">
            <subfield code="a">Zaragoza</subfield>
            <subfield code="b">Universidad de Zaragoza</subfield>
            <subfield code="c">2016</subfield>
        </datafield>
        <datafield tag="506" ind1=" " ind2=" ">
            <subfield code="a">by-nc-sa</subfield>
            <subfield code="b">Creative Commons</subfield>
            <subfield code="c">3.0</subfield>
            <subfield code="u">http://creativecommons.org/licenses/by-nc-sa/3.0/</subfield>
        </datafield>
        <datafield tag="520" ind1=" " ind2=" ">
            <subfield code="a">La diarrea es uno de los problemas más comunes hoy en día en la clínica de pequeños animales. Aunque es importante realizar un diagnóstico rápido para instaurar un tratamiento causal lo antes posible, en ocasiones no queda clara la causa y el tratamiento se establece de forma inespecífica. Los probióticos se están introduciendo de forma creciente para evitar un desequilibrio de la flora intestinal e incrementar la inmunidad del sistema. La salud del tracto digestivo depende de factores como la flora intestinal normal, mecanismos inespecíficos que limitan el número de bacterias y del sistema inmune del tracto intestinal. En el caso de que alguno de estos factores falle se dará a cabo un mal funcionamiento del intestino y en consecuencia, la diarrea.  Llamamos diarrea  crónica a aquella la cual persiste 3-4 semanas o más, y es el cuadro intestinal más frecuente en perros adultos. En este caso es muy importarte un estudio exhaustivo para llegar al diagnóstico y a un plan terapéutico óptimo.  Como suplemento a este plan terapéutico se están incorporando cada vez más el uso de probióticos. Los probióticos son microorganismos vivos que ingeridos en cantidades adecuadas producen efectos beneficiosos en la salud de los animales. Los probióticos se utilizan para aumentar la resistencia contra microorganismos patógenos y estimular el sistema inmunológico. Este trabajo tiene como objetivo revisar esta modalidad terapéutica, poco investigada en perros, de uso creciente, y que, por lo resultados preliminares que hemos observado en casos clínicos recibidos en el hospital clínico veterinario de la facultad de veterinaria, puede coadyuvar el tratamiento de la diarrea crónica.</subfield>
        </datafield>
        <datafield tag="521" ind1=" " ind2=" ">
            <subfield code="a">Graduado en Veterinaria</subfield>
        </datafield>
        <datafield tag="540" ind1=" " ind2=" ">
            <subfield code="a">Derechos regulados por licencia Creative Commons</subfield>
        </datafield>
        <datafield tag="700" ind1=" " ind2=" ">
            <subfield code="a">Gascón Pérez, Faustino Manuel</subfield>
            <subfield code="e">dir.</subfield>
        </datafield>
        <datafield tag="710" ind1="2" ind2=" ">
            <subfield code="a">Universidad de Zaragoza</subfield>
            <subfield code="b">Patología Animal</subfield>
            <subfield code="c">Medicina y Cirugía Animal</subfield>
        </datafield>
        <datafield tag="856" ind1="0" ind2=" ">
            <subfield code="f">636733@celes.unizar.es</subfield>
        </datafield>
        <datafield tag="856" ind1="4" ind2=" ">
            <subfield code="s">785553</subfield>
            <subfield code="u">http://zaguan.unizar.es/record/57237/files/TAZ-TFG-2016-1604.pdf</subfield>
            <subfield code="y">Memoria (spa)</subfield>
        </datafield>
        <datafield tag="909" ind1="C" ind2="O">
            <subfield code="o">oai:zaguan.unizar.es:57237</subfield>
            <subfield code="p">driver</subfield>
            <subfield code="p">trabajos-fin-grado</subfield>
        </datafield>
        <datafield tag="950" ind1=" " ind2=" ">
            <subfield code="a"></subfield>
        </datafield>
        <datafield tag="951" ind1=" " ind2=" ">
            <subfield code="a">deposita:2016-11-14</subfield>
        </datafield>
        <datafield tag="980" ind1=" " ind2=" ">
            <subfield code="a">TAZ</subfield>
            <subfield code="b">TFG</subfield>
            <subfield code="c">VET</subfield>
        </datafield>
    </record>

    
</collection>